Statistics for Name the World Leader (1940s) - Picture Quiz

Click here to take the quiz!

General Stats

  • This quiz has been taken 90 times
  • The average score is 12 of 15

Answer Stats

Answer% Correct
Adolf Hitler
100%
Joseph Stalin
100%
Benito Mussolini
95%
Franklin D. Roosevelt
95%
Winston Churchill
95%
Mao Zedong
94%
Hirohito
87%
Harry S. Truman
84%
Charles de Gaulle
83%
Francisco Franco
82%
Ho Chi Minh
75%
Neville Chamberlain
60%
Haile Selassie
56%
Chiang Kai-shek
53%
Jawaharlal Nehru
51%

Score Distribution

Percentile by Number Answered

Percent of People with Each Score

Your Score History

You have not taken this quiz